000
00276nam a22001337a 4500
008
180315b xxu||||| |||| 00| 0 eng d
020
_a
2901854373044
041
_a
eng
080
_a
7
100
_a
45
101
_a
ART
245
_a
POP ART
_c
MCCARTHY.D
942
_2
udc
_c
BK
999
_c
45068
_d
45068